00418nam a22001337a 4500008004100000041000800041080000800049100000600057101000800063245007000071942001200141999001700153952011400170180313b xxu||||| |||| 00| 0 eng d aeng a611 a6 aana aphysical rehabilitation assessment an treatmentcsullivan.s.b 2udccBK c44868d44868 00102udc40708PËKGa002b002cPËKGd2018-03-13l0o611 sulp002-3002053r2018-03-13w2018-03-13yBK